Damages and human rights

Saved in:
Bibliographic Details
Main Author: Varuhas, Jason NE (Author)
Format: Book
Language:English
Published: Oxford Hart Publishing 2016
Edition:1a. ed
Subjects:
Tags: Add Tag
No Tags, Be the first to tag this record!

MARC

LEADER 00000cam a2200000 a 4500
001 UCC8994
003 CL-VaPUC
008 190830e20160000uk |||||||||||||||||eng|d
020 |a 9781849463720 
082 0 4 |a 342.085  |b VAR  |2 21 
100 0 |a Varuhas, Jason NE  |e author  |9 603738 
245 1 0 |a Damages and human rights 
250 |a 1a. ed 
300 |a 499 p 
942 |c BK 
945 |d 20190830 10:52:00  |a dcastane 
260 |a Oxford  |b Hart Publishing  |c 2016 
650 0 |a Violaciones de los derechos humanos  |9 338464 
650 0 |a Derechos humanos  |9 223025 
583 |a last modification  |c 20190830 10:52:00  |k Rodrigo Vera 
999 |c 375189  |d 375187 
952 |0 0  |1 0  |3 erd  |4 0  |6 342_085000000000000_VAR_2016  |7 0  |8 WP_COW  |9 561133  |a BIBDER  |b BIBDER  |e Fundación W and P Cowley  |i 5597277  |o 342.085 VAR 2016  |p 5597277  |r 2023-01-25  |w 2020-03-12  |y BK  |z Catalogado en:20190830  |k WPC